[Event "POL-chT 1st League"]
[Site "Ustron"]
[Date "2009.09.14"]
[Round "3"]
[White "Rutkowski, Maciej"]
[Black "Jaroch, Pawel"]
[Result "1-0"]
[WhiteElo "2386"]
[BlackElo "2254"]
[PlyCount "93"]
[EventDate "2009.09.12"]
[EventType "team-swiss"]
[EventRounds "9"]
[EventCountry "POL"]
[SourceTitle "CBM 132 Extra"]
[Source "ChessBase"]
[SourceDate "2009.11.03"]
[SourceVersion "1"]
[SourceVersionDate "2009.11.03"]
[SourceQuality "1"]
[WhiteTeam "Gorzow Wielkopolski Stilon"]
[BlackTeam "Gdynia Korsarz"]
[WhiteTeamCountry "POL"]
[BlackTeamCountry "POL"]

1. d4 Nf6 2. Nf3 c5 3. d5 d6 4. Nc3 g6 5. e4 Bg7 6. Bb5+ Nbd7 7. a4 0-0 8. h3 a6 9. Bc4 b6 10. 0-0 Ne5 11. Nxe5 dxe5 12. Qe2 Qd7 13. Bd3 Bb7 14. Nd1 e6 15. dxe6 Qxe6 16. Bg5 Nh5 17. Bc4 Qc8 18. Nc3 h6 19. Be3 Nf6 20. f3 Kh7 21. Rfd1 Qc7 22. Rd2 Rfe8 23. Rad1 Bf8 24. Bf2 Kg7 25. Bg3 Qe7 26. Nd5 Bxd5 27. Bxd5 Ra7 28. Bc4 Rea8 29. Bh2 h5 30. Qd3 Rd7 31. Qe2 Rda7 32. Qe3 Nd7 33. Bxa6 Kh7 34. Qb3 Nf6 35. Bb5 Bh6 36. Rd6 c4 37. Qc3 Bf8 38. Bxe5 Ne8 39. Rd7 Qc5+ 40. Kh1 Ng7 41. R7d5 Qf2 42. R5d2 Qh4 43. Bf6 Qf4 44. Qe5 Qe3 45. Bg5 Qc5 46. Qxc5 Bxc5 47. Bxc4 1-0